The essential Theodore Roosevelt / (Record no. 188495)
[ view plain ]
| 000 -LEADER | |
|---|---|
| fixed length control field | 01171pam a2200313 a 4500 |
| 001 - CONTROL NUMBER | |
| control field | 4432482 |
| 003 - CONTROL NUMBER IDENTIFIER | |
| control field | BD-DhUL |
| 005 - DATE AND TIME OF LATEST TRANSACTION | |
| control field | 20170419161312.0 |
| 008 - FIXED-LENGTH DATA ELEMENTS--GENERAL INFORMATION | |
| fixed length control field | 940324s1994 nyu 000 0 eng |
| 010 ## - LIBRARY OF CONGRESS CONTROL NUMBER | |
| LC control number | 94014793 |
| 020 ## - INTERNATIONAL STANDARD BOOK NUMBER | |
| International Standard Book Number | 0517118483 |
| 040 ## - CATALOGING SOURCE | |
| Original cataloging agency | DLC |
| Transcribing agency | DLC |
| Modifying agency | BD-DhUL |
| 043 ## - GEOGRAPHIC AREA CODE | |
| Geographic area code | n-us--- |
| 050 00 - LIBRARY OF CONGRESS CALL NUMBER | |
| Classification number | E660 |
| Item number | .R72 1994b |
| 082 ## - DEWEY DECIMAL CLASSIFICATION NUMBER | |
| Classification number | 320.973 |
| Item number | ROO |
| 100 1# - MAIN ENTRY--PERSONAL NAME | |
| Personal name | Roosevelt, Theodore, |
| Dates associated with a name | 1858-1919. |
| 245 14 - TITLE STATEMENT | |
| Title | The essential Theodore Roosevelt / |
| Statement of responsibility, etc. | John Gabriel Hunt. |
| 260 ## - PUBLICATION, DISTRIBUTION, ETC. (IMPRINT) | |
| Place of publication, distribution, etc. | New York : |
| Name of publisher, distributor, etc. | Gramercy Books ; |
| Place of publication, distribution, etc. | Avenel, N.J. : |
| Name of publisher, distributor, etc. | Distributed by Random House Value Pub., |
| Date of publication, distribution, etc. | 1994. |
| 300 ## - PHYSICAL DESCRIPTION | |
| Extent | xviii, 334 p. ; |
| Dimensions | 22 cm. |
| 440 #0 - SERIES STATEMENT/ADDED ENTRY--TITLE | |
| Title | Library of freedom |
| 650 #0 - SUBJECT ADDED ENTRY--TOPICAL TERM | |
| Topical term or geographic name as entry element | Outdoor life. |
| 650 #0 - SUBJECT ADDED ENTRY--TOPICAL TERM | |
| Topical term or geographic name as entry element | Conservation of natural resources |
| Geographic subdivision | United States. |
| 651 #0 - SUBJECT ADDED ENTRY--GEOGRAPHIC NAME | |
| Geographic name | United States |
| General subdivision | Politics and government |
| Chronological subdivision | 1865-1933. |
| 700 1# - ADDED ENTRY--PERSONAL NAME | |
| Personal name | Hunt, John Gabriel, |
| Dates associated with a name | 1952- |
| 856 42 - ELECTRONIC LOCATION AND ACCESS | |
| Materials specified | Publisher description |
| Uniform Resource Identifier | http://www.loc.gov/catdir/description/random044/94014793.html |
| 906 ## - LOCAL DATA ELEMENT F, LDF (RLIN) | |
| a | 7 |
| b | cbc |
| c | orignew |
| d | 1 |
| e | ocip |
| f | 19 |
| g | y-gencatlg |
| 942 ## - ADDED ENTRY ELEMENTS (KOHA) | |
| Source of classification or shelving scheme | |
| Koha item type | Reference |
| Price effective from | Date last seen | Permanent Location | Not for loan | Date acquired | Source of classification or shelving scheme | Koha item type | Lost status | Withdrawn status | Source of acquisition | Collection code | Damaged status | Shelving location | Barcode | Current Location | Full call number |
|---|---|---|---|---|---|---|---|---|---|---|---|---|---|---|---|
| 2017-04-19 | 2017-04-19 | Dhaka University Library | Not For Loan | 2017-04-19 | Reference | Gift | Reference | American Studies Corner | 365672 | Dhaka University Library | 320.973 ROO |
